The time of man / (Record no. 77410)
[ view plain ]
| 000 -LEADER | |
|---|---|
| fixed length control field | 00656nam a22002297a 4500 |
| 001 - CONTROL NUMBER | |
| control field | 77410 |
| 003 - CONTROL NUMBER IDENTIFIER | |
| rucl marc code | BD-RjUL |
| 005 - DATE AND TIME OF LATEST TRANSACTION | |
| control field | 20211209082952.0 |
| 008 - FIXED-LENGTH DATA ELEMENTS--GENERAL INFORMATION | |
| fixed length control field | 200902r19541926nyu||||| |||| 00| 0 eng d |
| 035 ## - SYSTEM CONTROL NUMBER | |
| System control number | (BD-RjUL)77635 |
| 040 ## - CATALOGING SOURCE | |
| Original cataloging agency | BD-RjUL |
| Language of cataloging | eng |
| Transcribing agency | BD-RjUL |
| 041 ## - LANGUAGE CODE | |
| Language code of text/sound track or separate title | eng |
| 082 ## - DEWEY DECIMAL CLASSIFICATION NUMBER | |
| Edition number | 23 |
| Classification number | 813.52 |
| Author mark and year | ROT 1954 |
| 100 ## - MAIN ENTRY--PERSONAL NAME | |
| Personal name | Roberts, Elizabeth Madox |
| 9 (RLIN) | 241275 |
| 245 14 - TITLE STATEMENT | |
| Title | The time of man / |
| Statement of responsibility, etc. | Elizabeth Madox Roberts |
| 260 ## - PUBLICATION, DISTRIBUTION, ETC. (IMPRINT) | |
| Place of publication, distribution, etc. | New York : |
| Name of publisher, distributor, etc. | New American Library, |
| Date of publication, distribution, etc. | c1926, [Printing 1954] |
| 300 ## - PHYSICAL DESCRIPTION | |
| Pagination | 237 p.; |
| Size | 19 cm. |
| 650 ## - SUBJECT ADDED ENTRY--TOPICAL TERM | |
| Topical term or geographic name as entry element | American fiction |
| 9 (RLIN) | 241276 |
| Topical term or geographic name as entry element | Domestic fiction |
| 9 (RLIN) | 241277 |
| Topical term or geographic name as entry element | Poor women |
| 9 (RLIN) | 241278 |
| 942 ## - ADDED ENTRY ELEMENTS (KOHA) | |
| Source of classification or shelving scheme | Dewey Decimal Classification |
| Koha item type | Books |
| Lost status | Source of classification or shelving scheme | Damaged status | Not for loan | Collection code | Permanent Location | Current Location | Shelving location | Date acquired | Source of acquisition | Total Checkouts | Full call number | Date last seen | Copy number | Koha item type |
|---|---|---|---|---|---|---|---|---|---|---|---|---|---|---|
| Dewey Decimal Classification | Not For Loan | Fiction | Central Library, University of Rajshahi | Central Library, University of Rajshahi | Reading Room | 08/03/2020 | Author | 813.52 ROT 1954 | 02/09/2020 | C-1 | Books |